[Event "9th EUROPEAN  INDIVIDUAL  WOME"]
[Site "Plovdiv, Bulgaria"]
[Date "2008.04.30"]
[Round "9"]
[Board "1"]
[White "Nemcova, Katerina"]
[Black "Atalik, Ekaterina"]
[Result "1/2-1/2"]
[WhiteElo "2344"]
[BlackElo "2409"]
[PlyCount "160"]
[EventDate "2008.04.21"]
[EventRounds "11"]
[EventCountry "BUL"]

1.e4 e5 2.Nf3 Nc6 3.Bb5 a6 4.Ba4 Nf6 5.O-O Nxe4 6.d4 b5 7.Bb3 d5 8.dxe5 Be6
9.Be3 Be7 10.c3 O-O 11.Nbd2 Qd7 12.Bc2 Nc5 13.Nb3 Na4 14.Rb1 Bg4 15.Nbd4 Nxd4
16.cxd4 c5 17.b3 cxd4 18.Bxd4 Nc5 19.Bxc5 Bxc5 20.b4 Bb6 21.Rb3 Rac8 22.Re1 g6
23.Qd2 Be6 24.Rd3 d4 25.Bb3 Bc4 26.Qh6 Rce8 27.Rdd1 f6 28.Qd2 Bxb3 29.axb3 fxe5
30.Nxe5 Qd5 31.Nf3 Qxb3 32.Rxe8 Rxe8 33.Nxd4 Qd5 34.Nf3 Qxd2 35.Rxd2 Re4 36.Rb2
Bd8 37.g3 Be7 38.Ra2 Bxb4 39.Rxa6 Bc3 40.Ra8+ Kg7 41.Ra7+ Kf6 42.Rxh7 b4 43.Rb7
Re7 44.Rb6+ Re6 45.Rb7 Re7 46.Rb8 Ke6 47.Ng5+ Kd6 48.f3 Kc7 49.Rb5 Kc6 50.Rb8
Bd4+ 51.Kf1 Bb6 52.Rc8+ Bc7 53.Ra8 b3 54.Ra1 b2 55.Rb1 Be5 56.Ne4 Kd5 57.Nf2 Ra7
58.Rd1+ Kc4 59.Nd3 Bd4 60.Nxb2+ Bxb2 61.Rd6 Ra2 62.Rd2 Ra1+ 63.Kg2 Bd4 64.Kh3
Ra4 65.f4 Kd5 66.Kg4 Ke6 67.h4 Kf6 68.Rc2 Ra5 69.Rc6+ Kg7 70.Rc7+ Kh6 71.Rc6 Bf2
72.Rc2 Bc5 73.Rc3 Be7 74.Rc6 Kg7 75.Rc3 Bc5 76.Rb3 Kf6 77.Rd3 Bb4 78.Rd4 Rb5
79.Rd3 Ke6 80.Re3+ Kf6

[Event "9th EUROPEAN  INDIVIDUAL  WOME"]
[Site "Plovdiv, Bulgaria"]
[Date "2008.04.30"]
[Round "9"]
[Board "1"]
[White "Lomineishvili, Maia"]
[Black "Mamedjarova, Zeinab"]
[Result "1-0"]
[WhiteElo "2400"]
[BlackElo "2322"]
[PlyCount "77"]
[EventDate "2008.04.21"]
[EventRounds "11"]
[EventCountry "BUL"]

1.e4 d6 2.d4 Nf6 3.Nc3 g6 4.g3 Bg7 5.Bg2 O-O 6.Nge2 Nbd7 7.O-O e5 8.h3 exd4
9.Nxd4 Re8 10.Re1 c6 11.Bg5 h6 12.Be3 Qc7 13.Qd2 Kh7 14.Rad1 Nc5 15.f3 Bf8
16.Bf2 Ne6 17.f4 Nc5 18.g4 h5 19.g5 Nfd7 20.Kh1 Nb6 21.b3 Bd7 22.f5 Rad8 23.Bg3
Bc8 24.Bf3 Bg7 25.f6 Bf8 26.Qf4 Qd7 27.Nf5 gxf5 28.Qh4 Kg8 29.Qxh5 Nxe4 30.Nxe4
fxe4 31.Bg4 Qc7 32.g6 fxg6 33.Qxg6+ Bg7 34.Rf1 Rf8 35.Bh5 Nd5 36.f7+ Kh8 37.Be2
Nf6 38.Rxf6 Qa5 39.b4

[Event "9th EUROPEAN  INDIVIDUAL  WOME"]
[Site "Plovdiv, Bulgaria"]
[Date "2008.04.30"]
[Round "9"]
[Board "1"]
[White "Turova, Irina"]
[Black "Rogule, Laura"]
[Result "1/2-1/2"]
[WhiteElo "2380"]
[BlackElo "2255"]
[PlyCount "82"]
[EventDate "2008.04.21"]
[EventRounds "11"]
[EventCountry "BUL"]

1.d4 d5 2.c4 e6 3.Nc3 Nf6 4.Nf3 c6 5.Qd3 dxc4 6.Qxc4 b5 7.Qd3 a6 8.e4 c5 9.dxc5
Qxd3 10.Bxd3 Bxc5 11.e5 Nfd7 12.Be4 Ra7 13.O-O Rc7 14.Bf4 Nc6 15.Rac1 Bb7
16.Rfd1 h6 17.h4 Ke7 18.a3 Rhc8 19.Bb1 Ba7 20.Ne4 Nd4 21.Nxd4 Rxc1 22.Bxc1 Bxe4
23.Nxb5 Bxf2+ 24.Kxf2 Bxb1 25.Nd6 Rc2+ 26.Kg3 Nxe5 27.Bd2 Rxb2 28.Nc8+ Kf6 29.h5
Rb3+ 30.Kh2 Bf5 31.Nd6 Rd3 32.Ne8+ Ke7 33.Nxg7 Bg4 34.Bb4+ Kd7 35.Rxd3+ Nxd3
36.Bd2 Ne5 37.Kg3 f5 38.Bxh6 Ke7 39.Bg5+ Kf7 40.h6 Bd1 41.Bd2 Ng6

[Event "9th EUROPEAN  INDIVIDUAL  WOME"]
[Site "Plovdiv, Bulgaria"]
[Date "2008.04.30"]
[Round "9"]
[Board "1"]
[White "Kadimova, Ilaha"]
[Black "Stepovaia, Tatiana"]
[Result "0-1"]
[WhiteElo "2308"]
[BlackElo "2378"]
[PlyCount "86"]
[EventDate "2008.04.21"]
[EventRounds "11"]
[EventCountry "BUL"]

1.d4 Nf6 2.c4 c5 3.d5 e5 4.Nc3 d6 5.e4 Be7 6.Bd3 Nbd7 7.Nf3 O-O 8.h3 a6 9.Be3
Rb8 10.a4 Nh5 11.Qd2 g6 12.g4 Ng7 13.Ke2 Nf6 14.Rab1 Qa5 15.Ne1 Bd7 16.Nc2 Qc7
17.b4 b5 18.bxc5 dxc5 19.axb5 axb5 20.Na1 b4 21.Nd1 Bd6 22.Nb3 Ra8 23.Nb2 Ra3
24.Qd1 h5 25.g5 Nh7 26.h4 f6 27.gxf6 Rxf6 28.Kd2 Bg4 29.Be2 Bxe2 30.Kxe2 Nf8
31.Kd2 Nd7 32.Kc2 Bf8 33.Rh3 Qa7 34.Qd2 Ne8 35.Bg5 Rf7 36.Re3 Nd6 37.f3 Ra2
38.Qd3 Nb6 39.Kc1 Rxb2 40.Rxb2 Nbxc4 41.Qe2 Nxb2 42.Kxb2 c4 43.Nc1 Qd4+

[Event "9th EUROPEAN  INDIVIDUAL  WOME"]
[Site "Plovdiv, Bulgaria"]
[Date "2008.04.30"]
[Round "9"]
[Board "1"]
[White "Vasilevich, Irina"]
[Black "Nikoladze, Sopio"]
[Result "0-1"]
[WhiteElo "2395"]
[BlackElo "2249"]
[PlyCount "74"]
[EventDate "2008.04.21"]
[EventRounds "11"]
[EventCountry "BUL"]

1.e4 d6 2.f4 g6 3.Nf3 Bg7 4.Nc3 c5 5.Bb5+ Bd7 6.O-O Bxb5 7.Nxb5 Nf6 8.d3 O-O
9.c4 Nc6 10.Qe1 Ne8 11.a3 a6 12.Nc3 Nc7 13.Qh4 e6 14.Qh3 f5 15.Bd2 b5 16.Rad1
Rb8 17.Rfe1 Nd4 18.exf5 exf5 19.Be3 Nc2 20.Bf2 Nxe1 21.Rxe1 Re8 22.Rd1 h6 23.d4
b4 24.axb4 cxb4 25.Na4 Re4 26.g3 Qe8 27.b3 Re3 28.Nd2 Re7 29.Qf1 g5 30.fxg5 hxg5
31.d5 Re2 32.Nf3 Ra2 33.Nxg5 Qh5 34.h4 Re8 35.Qd3 Ree2 36.Rf1 Qg4 37.Kg2 Be5

[Event "9th EUROPEAN  INDIVIDUAL  WOME"]
[Site "Plovdiv, Bulgaria"]
[Date "2008.04.30"]
[Round "9"]
[Board "1"]
[White "Sharevich, Anna"]
[Black "Peptan, Corina Isabela"]
[Result "1/2-1/2"]
[WhiteElo "2311"]
[BlackElo "2415"]
[PlyCount "160"]
[EventDate "2008.04.21"]
[EventRounds "11"]
[EventCountry "BUL"]

1.d4 Nf6 2.c4 e6 3.g3 d5 4.Bg2 Be7 5.Nf3 O-O 6.O-O dxc4 7.Qc2 a6 8.a4 Bd7 9.Qxc4
Bc6 10.Bf4 Nbd7 11.Nc3 Nb6 12.Qd3 Nbd5 13.Rfd1 Nxf4 14.gxf4 Bb4 15.Ne5 Bxg2
16.Kxg2 Qe7 17.e3 Rfd8 18.Qc4 a5 19.Rac1 c6 20.Qe2 Rac8 21.Nd3 g6 22.Na2 Bd6
23.Nc3 c5 24.dxc5 Bxc5 25.Nxc5 Rxc5 26.Rxd8+ Qxd8 27.Rd1 Qb6 28.Nb5 Qc6+ 29.Qf3
Nd5 30.e4 Nf6 31.Nc3 Rc4 32.Re1 Rb4 33.Re2 Kg7 34.h3 Nh5 35.Rd2 Qc7 36.f5 exf5
37.exf5 Rf4 38.Nd5 Rxf3 39.Nxc7 Rxf5 40.Ne8+ Kf8 41.Nd6 Rf4 42.Nxb7 Rxa4 43.b3
Ra3 44.Nc5 a4 45.Rd8+ Ke7 46.Ra8 Nf4+ 47.Kh2 Ra2 48.Rxa4 Rxf2+ 49.Kg3 Rc2
50.Ra7+ Ke8 51.Kxf4 Rxc5 52.Rb7 Rf5+ 53.Kg3 Kf8 54.b4 Kg7 55.b5 Kf6 56.b6 h5
57.Rc7 Rb5 58.b7 Rb3+ 59.Kg2 g5 60.Kf2 h4 61.Kg2 Ke6 62.Kf2 f6 63.Kg2 Kd6 64.Rf7
Ke5 65.Rc7 f5 66.Rc5+ Ke4 67.Rc4+ Kd5 68.Rc7 Ke6 69.Rg7 Kf6 70.Rc7 g4 71.hxg4
fxg4 72.Rc6+ Ke5 73.Rc5+ Kd6 74.Rg5 Rb2+ 75.Kg1 Rb1+ 76.Kg2 h3+ 77.Kh2 Rb2+
78.Kh1 Rb1+ 79.Kh2 Rb2+ 80.Kh1 Rb1+

[Event "9th EUROPEAN  INDIVIDUAL  WOME"]
[Site "Plovdiv, Bulgaria"]
[Date "2008.04.30"]
[Round "9"]
[Board "1"]
[White "Muzychuk, Mariya"]
[Black "Levushkina, Elena"]
[Result "1-0"]
[WhiteElo "2387"]
[BlackElo "2291"]
[PlyCount "61"]
[EventDate "2008.04.21"]
[EventRounds "11"]
[EventCountry "BUL"]

1.e4 e5 2.d4 exd4 3.Nf3 Nc6 4.Bc4 Bc5 5.O-O d6 6.Bg5 Nf6 7.Bb5 Bg4 8.h3 Bxf3
9.Qxf3 O-O 10.Bxc6 bxc6 11.Nd2 Re8 12.Rad1 Qe7 13.Rfe1 Bb4 14.c3 dxc3 15.bxc3
Bc5 16.e5 h6 17.Bh4 g5 18.exf6 Qxe1+ 19.Rxe1 Rxe1+ 20.Kh2 d5 21.Bg3 Bf8 22.h4
gxh4 23.Qg4+ Kh8 24.Qxh4 Re6 25.Bf4 Kh7 26.Nf3 Rae8 27.Ng5+ Kg6 28.Nxe6 Rxe6
29.Qg4+ Kxf6 30.Bxc7 Re8 31.Qa4

[Event "9th EUROPEAN  INDIVIDUAL  WOME"]
[Site "Plovdiv, Bulgaria"]
[Date "2008.04.30"]
[Round "9"]
[Board "1"]
[White "Repkova, Eva"]
[Black "Mamedjarova, Turkan"]
[Result "1-0"]
[WhiteElo "2381"]
[BlackElo "2271"]
[PlyCount "87"]
[EventDate "2008.04.21"]
[EventRounds "11"]
[EventCountry "BUL"]

1.e4 e5 2.Nf3 Nf6 3.Nxe5 d6 4.Nf3 Nxe4 5.Qe2 Qe7 6.d3 Nf6 7.Bg5 Qxe2+ 8.Bxe2 Be7
9.Nc3 h6 10.Bf4 Bd7 11.O-O-O g5 12.Be3 Nc6 13.d4 a6 14.d5 Ne5 15.Bd4 Ng6 16.Bd3
O-O 17.Rde1 Bd8 18.g3 c6 19.h4 g4 20.h5 gxf3 21.hxg6 Nxd5 22.Nxd5 cxd5 23.Be3
fxg6 24.Rxh6 Bf6 25.Rxg6+ Kf7 26.Rh1 Ke7 27.Bf4 Rh8 28.Bxd6+ Kf7 29.Re1 Rae8
30.Rxe8 Rxe8 31.Bb4 Re6 32.Rg4 Re1+ 33.Bxe1 Bxg4 34.Bc3 Bxc3 35.bxc3 Kf6 36.Kd2
Ke5 37.Ke3 Bh5 38.a3 b5 39.Bh7 Bg4 40.Bg6 Be6 41.Kxf3 d4 42.Ke2 a5 43.f4+ Kf6
44.Bd3

[Event "9th EUROPEAN  INDIVIDUAL  WOME"]
[Site "Plovdiv, Bulgaria"]
[Date "2008.04.30"]
[Round "9"]
[Board "1"]
[White "Zakurdjaeva, Irina"]
[Black "Ciuksyte, Dagne"]
[Result "1/2-1/2"]
[WhiteElo "2296"]
[BlackElo "2380"]
[PlyCount "68"]
[EventDate "2008.04.21"]
[EventRounds "11"]
[EventCountry "BUL"]

1.e4 c5 2.Nf3 e6 3.d4 cxd4 4.Nxd4 a6 5.Bd3 Bc5 6.Nb3 Be7 7.Be3 Nf6 8.N1d2 d6
9.f4 Nc6 10.c4 b6 11.Rc1 Bb7 12.O-O O-O 13.Kh1 Qc7 14.Bg1 Rad8 15.Qe2 Rfe8
16.Nf3 Nd7 17.Nbd4 Bf6 18.Nxc6 Qxc6 19.b4 Rc8 20.e5 Be7 21.Nd4 Qc7 22.f5 Nxe5
23.fxe6 Bf6 24.Rxf6 gxf6 25.Bf5 fxe6 26.Nxe6 Qf7 27.Nd4 Rxc4 28.Rxc4 Nxc4 29.Be6
Rxe6 30.Nxe6 Ne5 31.Nd8 Qc7 32.Nxb7 Qxb7 33.Qf2 Kf7 34.Qf5 Kg7

[Event "9th EUROPEAN  INDIVIDUAL  WOME"]
[Site "Plovdiv, Bulgaria"]
[Date "2008.04.30"]
[Round "9"]
[Board "1"]
[White "Djingarova, Emilia"]
[Black "Cosma, Elena Luminita"]
[Result "1/2-1/2"]
[WhiteElo "2301"]
[BlackElo "2374"]
[PlyCount "21"]
[EventDate "2008.04.21"]
[EventRounds "11"]
[EventCountry "BUL"]

1.d4 d5 2.c4 c6 3.Nf3 Nf6 4.e3 e6 5.b3 Nbd7 6.Bb2 b6 7.Bd3 Bb7 8.Nbd2 Be7 9.O-O
O-O 10.Qb1 h6 11.a3

[Event "9th EUROPEAN  INDIVIDUAL  WOME"]
[Site "Plovdiv, Bulgaria"]
[Date "2008.04.30"]
[Round "9"]
[Board "1"]
[White "Kovanova, Baira"]
[Black "Bensdorp, Marlies"]
[Result "1/2-1/2"]
[WhiteElo "2372"]
[BlackElo "2268"]
[PlyCount "75"]
[EventDate "2008.04.21"]
[EventRounds "11"]
[EventCountry "BUL"]

1.e4 e5 2.Nf3 Nc6 3.Bc4 Bc5 4.c3 Nf6 5.d3 a6 6.Bb3 Ba7 7.Nbd2 O-O 8.h3 d5 9.O-O
dxe4 10.Nxe4 Nxe4 11.dxe4 h6 12.Qe2 Qf6 13.Be3 Bxe3 14.fxe3 Qe7 15.Qf2 Be6
16.Bd5 Qc5 17.c4 Rae8 18.Rad1 Bxd5 19.cxd5 Nb8 20.Nh4 Qb4 21.Qg3 Kh7 22.Qg4 Qe7
23.Rc1 g6 24.Rf2 Rd8 25.Qg3 c6 26.Nf3 f6 27.Nh4 Qg7 28.Qf3 Rd6 29.Rd1 Rfd8
30.Rfd2 Qf7 31.g4 Qe7 32.Ng2 cxd5 33.exd5 e4 34.Qf2 Nd7 35.Rd4 Ne5 36.Rxe4 Rxd5
37.Red4 R5d6 38.Nh4

[Event "9th EUROPEAN  INDIVIDUAL  WOME"]
[Site "Plovdiv, Bulgaria"]
[Date "2008.04.30"]
[Round "9"]
[Board "1"]
[White "Golubenko, Valentina"]
[Black "Demina, Julia"]
[Result "0-1"]
[WhiteElo "2253"]
[BlackElo "2337"]
[PlyCount "114"]
[EventDate "2008.04.21"]
[EventRounds "11"]
[EventCountry "BUL"]

1.d4 Nf6 2.Nf3 e6 3.g3 b5 4.Bg2 Bb7 5.O-O c5 6.a4 b4 7.c4 cxd4 8.Nxd4 Bxg2
9.Kxg2 Be7 10.Nb5 O-O 11.Bf4 a6 12.Nd4 Nh5 13.Bxb8 Qxb8 14.Nd2 Rc8 15.Rc1 Ra7
16.e3 g6 17.Qe2 Rac7 18.N2b3 Qb7+ 19.Kg1 Nf6 20.Rfd1 h5 21.Nf3 Kg7 22.h4 Ne4
23.Nfd2 Bf6 24.Nxe4 Qxe4 25.c5 Qc6 26.a5 Qa4 27.Nd4 Qxa5 28.Kh2 e5 29.Nb3 Qa2
30.Qc2 e4 31.Rd2 Qa4 32.Ra1 Qc6 33.Qc4 Ra8 34.Qxb4 Rb7 35.Qa3 Qb5 36.Nd4 Qb4
37.Qxb4 Rxb4 38.Ra2 a5 39.Kg2 a4 40.Rd1 Rc8 41.Rc1 Bxd4 42.exd4 Rxd4 43.Kf1 Kf6
44.Rca1 Rxc5 45.Rxa4 Rxa4 46.Rxa4 d5 47.b4 Rc2 48.b5 Rb2 49.Ra6+ Kf5 50.Rb6 d4
51.Rb7 f6 52.Rd7 d3 53.Rd5+ Ke6 54.Rd8 Rb1+ 55.Kg2 Rxb5 56.Kf1 Rd5 57.Re8+ Kd7

[Event "9th EUROPEAN  INDIVIDUAL  WOME"]
[Site "Plovdiv, Bulgaria"]
[Date "2008.04.30"]
[Round "9"]
[Board "1"]
[White "Gara, Anita"]
[Black "Velcheva, Maria"]
[Result "0-1"]
[WhiteElo "2331"]
[BlackElo "2262"]
[PlyCount "44"]
[EventDate "2008.04.21"]
[EventRounds "11"]
[EventCountry "BUL"]

1.e4 e5 2.Nf3 Nc6 3.Bb5 a6 4.Ba4 Nf6 5.O-O Nxe4 6.d4 exd4 7.Re1 d5 8.Ne5 Bd6
9.Nxc6 Bxh2+ 10.Kf1 Qh4 11.Qf3 O-O 12.Nxd4 Bg4 13.Rxe4 dxe4 14.Qxe4 Bf4 15.g3
Qh3+ 16.Ke1 Bxc1 17.Nd2 Bxb2 18.Rb1 Bxd4 19.Qxd4 b5 20.Bb3 Rfe8+ 21.Ne4 Qh1+
22.Kd2 Qxe4

[Event "9th EUROPEAN  INDIVIDUAL  WOME"]
[Site "Plovdiv, Bulgaria"]
[Date "2008.04.30"]
[Round "9"]
[Board "1"]
[White "Bulmaga, Irina"]
[Black "Galojan, Lilit"]
[Result "0-1"]
[WhiteElo "2106"]
[BlackElo "2324"]
[PlyCount "98"]
[EventDate "2008.04.21"]
[EventRounds "11"]
[EventCountry "BUL"]

1.e4 e5 2.Bc4 Nc6 3.Nf3 Bc5 4.c3 Nf6 5.d3 d6 6.O-O O-O 7.Bb3 a6 8.h3 Ba7 9.Nbd2
h6 10.Re1 Nh5 11.Nf1 Qf6 12.Ne3 Nf4 13.Nd5 Nxd5 14.exd5 Ne7 15.d4 Ng6 16.Bc2 Bf5
17.Bxf5 Qxf5 18.dxe5 dxe5 19.Be3 Bxe3 20.Rxe3 e4 21.Nd2 Rfe8 22.Qe1 Qxd5 23.Nxe4
Re6 24.Qd1 Rd8 25.Qxd5 Rxd5 26.Rae1 Kf8 27.c4 Rd4 28.b3 b6 29.Nc3 Nf4 30.Rxe6
Nxe6 31.Rd1 Rxd1+ 32.Nxd1 Ke7 33.Kf1 Kd6 34.Ke2 Kc5 35.Kd2 b5 36.cxb5 axb5
37.Ne3 b4 38.Nc2 Nd4 39.Nxd4 Kxd4 40.Kc2 h5 41.Kd2 h4 42.Ke2 g5 43.Kd2 f5 44.Kc2
g4 45.Kd2 f4 46.Ke2 f3+ 47.gxf3 gxh3 48.Kf1 Ke5 49.Ke1 Kf4

[Event "9th EUROPEAN  INDIVIDUAL  WOME"]
[Site "Plovdiv, Bulgaria"]
[Date "2008.04.30"]
[Round "9"]
[Board "1"]
[White "Tsiganova, Monika"]
[Black "Paulet, Iozefina"]
[Result "1-0"]
[WhiteElo "2198"]
[BlackElo "2308"]
[PlyCount "57"]
[EventDate "2008.04.21"]
[EventRounds "11"]
[EventCountry "BUL"]

1.d4 Nf6 2.Nf3 e6 3.e3 b6 4.Bd3 Bb7 5.O-O Be7 6.b3 O-O 7.Bb2 c5 8.Nbd2 d6 9.c4
Qc7 10.Qe2 Nc6 11.Rad1 Rfe8 12.Ng5 h6 13.Nge4 Nxe4 14.Nxe4 d5 15.cxd5 exd5
16.Nc3 Nb4 17.Bb1 Ba6 18.Qg4 Bxf1 19.dxc5 d4 20.Rxd4 bxc5 21.Rxb4 Qd8 22.Ne4 f6
23.Rb7 Bd3 24.Nxc5 h5 25.Qe6+ Kh8 26.Bxd3 Bxc5 27.Qf7 Re7 28.Qxh5+ Kg8 29.Bc4+

[Event "9th EUROPEAN  INDIVIDUAL  WOME"]
[Site "Plovdiv, Bulgaria"]
[Date "2008.04.30"]
[Round "9"]
[Board "1"]
[White "Collas, Silvia"]
[Black "Schneider, Veronika"]
[Result "1/2-1/2"]
[WhiteElo "2395"]
[BlackElo "2261"]
[PlyCount "21"]
[EventDate "2008.04.21"]
[EventRounds "11"]
[EventCountry "BUL"]

1.c4 Nf6 2.Nc3 d5 3.cxd5 Nxd5 4.g3 g6 5.Bg2 Nxc3 6.bxc3 Bg7 7.Rb1 Nc6 8.Qc2 O-O
9.Nf3 b6 10.O-O Na5 11.c4

[Event "9th EUROPEAN  INDIVIDUAL  WOME"]
[Site "Plovdiv, Bulgaria"]
[Date "2008.04.30"]
[Round "9"]
[Board "1"]
[White "Kachiani Gersinska, Ketino"]
[Black "Worek, Joanna"]
[Result "1-0"]
[WhiteElo "2388"]
[BlackElo "2244"]
[PlyCount "99"]
[EventDate "2008.04.21"]
[EventRounds "11"]
[EventCountry "BUL"]

1.d4 d6 2.Nf3 Bg4 3.c4 Bxf3 4.exf3 c6 5.d5 Nf6 6.g3 g6 7.Bg2 Bg7 8.O-O O-O 9.f4
Qd7 10.Qf3 a5 11.Nc3 cxd5 12.cxd5 b5 13.a4 b4 14.Ne2 Na6 15.f5 gxf5 16.Nd4 e6
17.dxe6 fxe6 18.Qc6 Qe7 19.Bf4 Ne4 20.Bxe4 fxe4 21.Bxd6 Qe8 22.Bxf8 Qxc6 23.Nxc6
Kxf8 24.Nxa5 Bxb2 25.Rab1 Bc3 26.Nb3 Ke7 27.Rfd1 Rc8 28.a5 Rc4 29.Kf1 Nc7
30.Rdc1 Nb5 31.Rb2 Nd4 32.a6 Nxb3 33.Rxb3 Rc5 34.Ke2 Ra5 35.Ke3 Rxa6 36.Kxe4 Ra2
37.Kf3 e5 38.Rbxc3 bxc3 39.Rxc3 h5 40.Rc6 h4 41.Rh6 hxg3 42.fxg3 Kf7 43.g4 Kg7
44.g5 Ra4 45.h4 Rb4 46.Kg3 Ra4 47.h5 Rf4 48.Rb6 Rf1 49.h6+ Kf8 50.Rf6+

[Event "9th EUROPEAN  INDIVIDUAL  WOME"]
[Site "Plovdiv, Bulgaria"]
[Date "2008.04.30"]
[Round "9"]
[Board "1"]
[White "Foisor, Cristina Adela"]
[Black "Popova, Natalija"]
[Result "1-0"]
[WhiteElo "2364"]
[BlackElo "2239"]
[PlyCount "73"]
[EventDate "2008.04.21"]
[EventRounds "11"]
[EventCountry "BUL"]

1.e4 c5 2.d3 Nc6 3.g3 g6 4.Bg2 Bg7 5.c4 d6 6.Nc3 Nf6 7.Nge2 Bd7 8.h3 O-O 9.O-O
Ne8 10.Be3 Nc7 11.d4 cxd4 12.Nxd4 Ne6 13.Nde2 Ne5 14.b3 Bc6 15.f4 Nd7 16.Rc1 a6
17.Nd5 Nf6 18.Nec3 Re8 19.Bb6 Qd7 20.g4 Nc5 21.Re1 e5 22.g5 Nh5 23.f5 Nf4
24.Nxf4 exf4 25.f6 Bf8 26.Bxc5 dxc5 27.Qxd7 Bxd7 28.e5 Rad8 29.Nd5 Bc6 30.Kf2
Rd7 31.Rc2 h6 32.h4 Red8 33.Bh3 Rxd5 34.cxd5 Bxd5 35.Rd1 c4 36.Rxc4 b6 37.Bg2

[Event "9th EUROPEAN  INDIVIDUAL  WOME"]
[Site "Plovdiv, Bulgaria"]
[Date "2008.04.30"]
[Round "9"]
[Board "1"]
[White "Sedina, Elena"]
[Black "Franciskovic, Borka"]
[Result "1-0"]
[WhiteElo "2356"]
[BlackElo "2240"]
[PlyCount "85"]
[EventDate "2008.04.21"]
[EventRounds "11"]
[EventCountry "BUL"]

1.e4 c6 2.d4 d5 3.e5 Bf5 4.c4 e6 5.Nc3 Nd7 6.cxd5 cxd5 7.h4 h5 8.Bd3 Bxd3 9.Qxd3
Ne7 10.Nf3 Nf5 11.Bg5 Qa5 12.O-O Bb4 13.Rfc1 O-O 14.Ne2 Rfc8 15.a3 Bf8 16.Bd2
Qa6 17.Qxa6 bxa6 18.Nf4 g6 19.Nd3 Rab8 20.b4 Rc4 21.Rxc4 dxc4 22.Nc5 Nb6 23.Rc1
Rd8 24.Be3 Nd5 25.Bg5 Bh6 26.Bxh6 Nxh6 27.Rxc4 Rc8 28.Rc1 Nf5 29.Kf1 Rc6 30.g3
Nc7 31.Ke2 Nb5 32.Kd3 Nxa3 33.Ra1 Nb5 34.Rxa6 Rxa6 35.Nxa6 Na3 36.Kc3 Kf8 37.Kb3
Nb5 38.Kc4 Na3+ 39.Kc5 Ne7 40.Nc7 Nc2 41.b5 Na3 42.Kb4 Nc2+ 43.Kb3

[Event "9th EUROPEAN  INDIVIDUAL  WOME"]
[Site "Plovdiv, Bulgaria"]
[Date "2008.04.30"]
[Round "9"]
[Board "1"]
[White "Dworakowska, Joanna"]
[Black "Vojinovic, Jovana"]
[Result "1/2-1/2"]
[WhiteElo "2335"]
[BlackElo "2217"]
[PlyCount "67"]
[EventDate "2008.04.21"]
[EventRounds "11"]
[EventCountry "BUL"]

1.e4 e6 2.d4 d5 3.Nc3 Nf6 4.Bg5 dxe4 5.Nxe4 Nbd7 6.Nxf6+ Nxf6 7.Nf3 h6 8.Bh4 c5
9.Bc4 cxd4 10.O-O Bc5 11.Qe2 Qb6 12.Bxf6 gxf6 13.Rab1 Kf8 14.Rfe1 Bd7 15.Red1
Bc6 16.Nh4 Rg8 17.b4 Be7 18.b5 Be8 19.Qh5 Rh8 20.Rb3 Qc5 21.Qe2 Rc8 22.Bd3 f5
23.Nf3 Bf6 24.Nd2 b6 25.f4 Qd6 26.Rf1 Rc5 27.a4 Bd7 28.Rbb1 Bc8 29.a5 Bb7
30.axb6 axb6 31.Qh5 Qd5 32.Nf3 Qd6 33.Nd2 Qd5 34.Nf3

[Event "9th EUROPEAN  INDIVIDUAL  WOME"]
[Site "Plovdiv, Bulgaria"]
[Date "2008.04.30"]
[Round "9"]
[Board "1"]
[White "Raeva, Elitsa"]
[Black "Akatova, Ekaterina"]
[Result "0-1"]
[WhiteElo "2258"]
[BlackElo "2320"]
[PlyCount "66"]
[EventDate "2008.04.21"]
[EventRounds "11"]
[EventCountry "BUL"]

1.d4 g6 2.c4 Bg7 3.Nc3 d6 4.e4 Nf6 5.Nf3 O-O 6.h3 e5 7.dxe5 dxe5 8.Be3 Qe7 9.Qc2
Rd8 10.Be2 Nc6 11.Rd1 Rxd1+ 12.Qxd1 Be6 13.O-O Rd8 14.Nd5 Bxd5 15.exd5 Nd4
16.Nxd4 exd4 17.Bf4 b5 18.b3 bxc4 19.bxc4 Ne4 20.Bf3 Nc3 21.Qb3 Re8 22.Qb7 Be5
23.Re1 Qf6 24.Bg3 d3 25.Rxe5 Rxe5 26.Qb8+ Kg7 27.Qxc7 Ne2+ 28.Kh2 Nxg3 29.fxg3
Re1 30.Qa5 Qa1 31.g4 Qe5+ 32.g3 Qb2+ 33.Bg2 Re2

[Event "9th EUROPEAN  INDIVIDUAL  WOME"]
[Site "Plovdiv, Bulgaria"]
[Date "2008.04.30"]
[Round "9"]
[Board "1"]
[White "Seps, Monika"]
[Black "Juergens, Vera"]
[Result "0-1"]
[WhiteElo "2237"]
[BlackElo "2302"]
[PlyCount "58"]
[EventDate "2008.04.21"]
[EventRounds "11"]
[EventCountry "BUL"]

1.e4 e5 2.Nf3 d6 3.d4 Nd7 4.Bc4 c6 5.O-O Be7 6.a4 Ngf6 7.Nc3 O-O 8.Re1 Qc7 9.a5
Rb8 10.h3 h6 11.dxe5 dxe5 12.Nh4 Nc5 13.Be3 b5 14.axb6 axb6 15.Ng6 Re8 16.f4 Bd6
17.Qf3 exf4 18.Bd4 Ne6 19.Bxe6 Rxe6 20.e5 fxg6 21.exf6 gxf6 22.Ne4 Be5 23.Bc3
Qe7 24.Qd3 Bxc3 25.Qxc3 Rxe4 26.Rxe4 Qxe4 27.Qxf6 Qf5 28.Qd8+ Qf8 29.Qc7 Rb7

[Event "9th EUROPEAN  INDIVIDUAL  WOME"]
[Site "Plovdiv, Bulgaria"]
[Date "2008.04.30"]
[Round "9"]
[Board "1"]
[White "Papadopoulou, Vera"]
[Black "Shaidullina, Sandugach"]
[Result "0-1"]
[WhiteElo "2199"]
[BlackElo "2298"]
[PlyCount "168"]
[EventDate "2008.04.21"]
[EventRounds "11"]
[EventCountry "BUL"]

1.d4 d5 2.c4 c6 3.Nf3 Nf6 4.e3 g6 5.Bd3 Bg7 6.O-O O-O 7.Nc3 Bg4 8.h3 Bxf3 9.Qxf3
e6 10.b3 Qe7 11.Bb2 Nbd7 12.Rfe1 Rfe8 13.e4 dxc4 14.bxc4 e5 15.d5 Qb4 16.Rab1
Nc5 17.Ba1 Qa3 18.Bf1 Rad8 19.Qe2 Nh5 20.Qb2 Qa6 21.Qc2 Bh6 22.Bb2 Rd7 23.a4 Qa5
24.Ba3 Bf8 25.Bb4 Qd8 26.a5 Qg5 27.Na4 Nxa4 28.Qxa4 Nf4 29.Kh1 Bxb4 30.Qxb4 Rc8
31.Qc5 a6 32.Rb6 Rdc7 33.Qd6 Nh5 34.Rb2 Nf6 35.Qb4 c5 36.Qd2 Qxd2 37.Rxd2 Ne8
38.Rb2 Nd6 39.Bd3 Re7 40.Rb6 Rd8 41.f3 Kf8 42.Kg1 Ke8 43.Kf2 Kd7 44.Reb1 Kc7
45.Ke3 f5 46.R6b2 fxe4 47.fxe4 Rf7 48.Rf2 Rxf2 49.Kxf2 Rf8+ 50.Ke3 h6 51.Rb2 Rf4
52.Rb1 Rf6 53.Rb2 Nf7 54.Kd2 Rf2+ 55.Kc3 Rf4 56.Re2 h5 57.Kd2 Rf1 58.Ke3 Nd6
59.Ra2 Re1+ 60.Kd2 Rg1 61.Ke3 b5 62.Rf2 Re1+ 63.Kd2 Ra1 64.Rf6 Rxa5 65.Re6 Ra2+
66.Ke3 Ra3 67.Ke2 g5 68.cxb5 axb5 69.Rxe5 c4 70.Bb1 Ra1 71.Re7+ Kd8 72.Re6 Nf7
73.Bc2 Ra2 74.Kd1 b4 75.Rb6 b3 76.Bb1 Rxg2 77.Kc1 Rg1+ 78.Kb2 {Diagram #} c3+
79.Kxc3 Rxb1 80.Rf6 Ke7 81.Rf5 Re1 82.Kxb3 Rxe4 83.d6+ Ke6 84.Rf3 Nxd6

[Event "9th EUROPEAN  INDIVIDUAL  WOME"]
[Site "Plovdiv, Bulgaria"]
[Date "2008.04.30"]
[Round "9"]
[Board "1"]
[White "Isgandarova, Khayala"]
[Black "Aginian, Nelly"]
[Result "0-1"]
[WhiteElo "2193"]
[BlackElo "2295"]
[PlyCount "120"]
[EventDate "2008.04.21"]
[EventRounds "11"]
[EventCountry "BUL"]

1.e4 e6 2.d4 d5 3.Nc3 Nf6 4.e5 Nfd7 5.f4 c5 6.Nf3 Nc6 7.Be3 cxd4 8.Nxd4 Bc5
9.Qd2 a6 10.O-O-O O-O 11.h4 Nxd4 12.Bxd4 b5 13.Rh3 b4 14.Na4 Bxd4 15.Qxd4 Qa5
16.b3 Bb7 17.Kb1 Bc6 18.Nb2 Qc5 19.g4 f6 20.exf6 Rxf6 21.Bg2 Raf8 22.Qd2 Bb5
23.f5 Ne5 24.Qf4 Rc8 25.Rc1 d4 26.Be4 Nxg4 27.Bb7 Rc7 28.Qxg4 Rxb7 29.fxe6 Re7
30.Nd3 Qd6 31.Re1 Rfxe6 32.Rxe6 Rxe6 33.Rg3 Rg6 34.Qc8+ Kf7 35.Rf3+ Rf6 36.Rxf6+
gxf6 37.Qb7+ Kg6 38.Qe4+ Kg7 39.Nf4 Qe5 40.Qb7+ Kh6 41.Qf3 Qe1+ 42.Kb2 Qc3+
43.Qxc3 dxc3+ 44.Kc1 Bc6 45.Nd3 a5 46.Nf4 Kg7 47.Kb1 Kf7 48.Nd3 Kg6 49.a3 bxa3
50.Nf4+ Kf5 51.Ne2 Kg4 52.Nxc3 f5 53.Ka2 f4 54.Kxa3 f3 55.Nd1 Kxh4 56.b4 axb4+
57.Kxb4 Kg3 58.Kc5 Ba8 59.Kd4 f2 60.Ke3 Bg2

[Event "9th EUROPEAN  INDIVIDUAL  WOME"]
[Site "Plovdiv, Bulgaria"]
[Date "2008.04.30"]
[Round "9"]
[Board "1"]
[White "Schuurman, Petra"]
[Black "Bogumil, Tatiana"]
[Result "1-0"]
[WhiteElo "2295"]
[BlackElo "2194"]
[PlyCount "71"]
[EventDate "2008.04.21"]
[EventRounds "11"]
[EventCountry "BUL"]

1.d4 Nf6 2.Nf3 g6 3.c4 c5 4.d5 b5 5.Qc2 d6 6.e4 bxc4 7.Bxc4 Nfd7 8.Bd2 Bg7 9.Bc3
Bf6 10.Nbd2 Qb6 11.O-O O-O 12.Rfe1 Bxc3 13.Qxc3 f6 14.h4 a5 15.Qe3 Kg7 16.h5 Ne5
17.Nxe5 dxe5 18.h6+ Kh8 19.Rec1 Nd7 20.Rc3 f5 21.Rb3 f4 22.Qc3 Qf6 23.Bb5 a4
24.Ra3 g5 25.Bxd7 Bxd7 26.Nf3 Rfc8 27.Nxe5 Be8 28.Rc1 Kg8 29.Ng4 Qxc3 30.Raxc3
Ra5 31.Ne5 Rb5 32.R1c2 Rb6 33.f3 Rxh6 34.Rxc5 Rxc5 35.Rxc5 Rb6 36.Rc8